Представление документа в формате MARC21

Поле Инд. ПП Название Значение
Тип записи a
Библиографический уровень m
001 Контрольный номер 4d5611ae-33f9-4570-a4eb-acc5710405ed
005 Дата корректировки 20220114114503.4
008 Кодируемые данные 950630s1995 rur 00000 rus d
040 a Служба первич. каталог. НБ ТвГУ
080 a Индекс УДК 882.09
084 a Индекс другой классификации/Индекс ББК Ш5(2=411.2)6-3
a Индекс другой классификации/Индекс ББК Ш4,2
090 a Полочн. индекс 8Р2
x Авторский знак Т 26
100 1_ a Автор Твардовский Александр Трифонович
e Роль лиц Автор
245 00 a Заглавие Письма о литературе, 1930-1970
c Ответственность составитель М. И. Твардовская ; предисловие А. Туркова, М. И. Твардовской
260 0_ a Место издания Москва
b Издательство Советский писатель
c Дата издания 1985
300 a Объем 510, [1] с.
504 a Библиография Библиогр. в примеч.: с. 356-486
504 a Библиография Имен. указ.: с. 487-501
653 0_ a Ключевые слова Литературоведение
a Ключевые слова История русской литературы 20 в.
a Ключевые слова История советской литературы
a Ключевые слова Русская литература 20 в.
a Ключевые слова Русская советская литература
a Ключевые слова Советская литература
700 1_ a Другие авторы Твардовская Мария Илларионовна
e Роль лиц сост., предисл.
700 1_ a Другие авторы Турков Андрей Михайлович
e Роль лиц предисл.
852 41 i Расстановочный признак Проверка 2021
901 t Тип документа m
920 a Оператор Семен
a Оператор Рунт
952 c Вид литературы К рн
954 a Дата поступления на обработку 06.02.98
e Дата перешифровки 20210922
954 a Дата поступления на обработку 20220114